<?xml version="1.0" encoding="UTF-8"?>
<record
    xmlns:xsi="http://www.w3.org/2001/XMLSchema-instance"
    xsi:schemaLocation="http://www.loc.gov/MARC21/slim http://www.loc.gov/standards/marcxml/schema/MARC21slim.xsd"
    xmlns="http://www.loc.gov/MARC21/slim">

  <leader>01272nam a22002897a 4500</leader>
  <controlfield tag="005">20240530110614.0</controlfield>
  <controlfield tag="008">160903s2012    au     g      000 0dara d</controlfield>
  <datafield tag="017" ind1=" " ind2=" ">
    <subfield code="a">17948/2011</subfield>
    <subfield code="b">&#x645;&#x635;&#x631; . &#x62F;&#x627;&#x631; &#x627;&#x644;&#x643;&#x62A;&#x628; &#x627;&#x644;&#x645;&#x635;&#x631;&#x64A;&#x647; </subfield>
  </datafield>
  <datafield tag="020" ind1=" " ind2=" ">
    <subfield code="a">9789777047999</subfield>
  </datafield>
  <datafield tag="040" ind1=" " ind2=" ">
    <subfield code="a">EG-CaGPL</subfield>
  </datafield>
  <datafield tag="082" ind1="0" ind2="4">
    <subfield code="2">21</subfield>
    <subfield code="a">214\</subfield>
    <subfield code="b">&#x647;&#x640; &#x639;</subfield>
  </datafield>
  <datafield tag="100" ind1="0" ind2=" ">
    <subfield code="a">&#x634;&#x628;&#x644;&#x649; &#x627;&#x644;&#x646;&#x639;&#x645;&#x627;&#x646;&#x649; &#x627;&#x644;&#x647;&#x646;&#x62F;&#x649; .</subfield>
  </datafield>
  <datafield tag="245" ind1="1" ind2="0">
    <subfield code="a">&#x639;&#x644;&#x645; &#x627;&#x644;&#x643;&#x644;&#x627;&#x645; &#x627;&#x644;&#x62C;&#x62F;&#x64A;&#x62F; /</subfield>
    <subfield code="c"> &#x62A;&#x627;&#x644;&#x64A;&#x641; &#x634;&#x628;&#x644;&#x649; &#x627;&#x644;&#x646;&#x639;&#x645;&#x627;&#x646;&#x649; &#x627;&#x644;&#x647;&#x646;&#x62F;&#x649; &#x61B; &#x62A;&#x631;&#x62C;&#x645;&#x629; &#x648; &#x62A;&#x642;&#x62F;&#x64A;&#x645; &#x62C;&#x644;&#x627;&#x644; &#x627;&#x644;&#x633;&#x639;&#x64A;&#x62F; &#x627;&#x644;&#x62D;&#x641;&#x646;&#x627;&#x648;&#x64A; &#x61B; &#x645;&#x631;&#x627;&#x62C;&#x639;&#x629; &#x627;&#x644;&#x633;&#x628;&#x627;&#x639;&#x64A; &#x645;&#x62D;&#x645;&#x62F; &#x627;&#x644;&#x633;&#x628;&#x627;&#x639;&#x64A; .</subfield>
  </datafield>
  <datafield tag="260" ind1=" " ind2=" ">
    <subfield code="a">&#x627;&#x644;&#x642;&#x627;&#x647;&#x631;&#x647; :</subfield>
    <subfield code="b">&#x627;&#x644;&#x645;&#x631;&#x643;&#x632; &#x627;&#x644;&#x642;&#x648;&#x645;&#x649; &#x644;&#x644;&#x62A;&#x631;&#x62C;&#x645;&#x629; &#x60C;</subfield>
    <subfield code="c">2012 .</subfield>
  </datafield>
  <datafield tag="300" ind1=" " ind2=" ">
    <subfield code="a">378 &#x635; &#x61B;</subfield>
    <subfield code="c">24 &#x633;&#x645; .</subfield>
  </datafield>
  <datafield tag="490" ind1="0" ind2=" ">
    <subfield code="a">&#x627;&#x644;&#x645;&#x634;&#x631;&#x648;&#x639; &#x627;&#x644;&#x642;&#x648;&#x645;&#x649; &#x644;&#x644;&#x62A;&#x631;&#x62C;&#x645;&#x629;  &#x61B;</subfield>
    <subfield code="v">1974 .</subfield>
  </datafield>
  <datafield tag="600" ind1="0" ind2="4">
    <subfield code="a">&#x627;&#x628;&#x646; &#x631;&#x634;&#x62F; .</subfield>
  </datafield>
  <datafield tag="600" ind1="0" ind2="4">
    <subfield code="a">&#x627;&#x628;&#x646; &#x62A;&#x64A;&#x645;&#x64A;&#x629; .</subfield>
  </datafield>
  <datafield tag="600" ind1="0" ind2="4">
    <subfield code="a">&#x634;&#x627;&#x647; &#x648;&#x644;&#x649; &#x627;&#x644;&#x644;&#x647; .</subfield>
  </datafield>
  <datafield tag="650" ind1="0" ind2="4">
    <subfield code="a">&#x639;&#x644;&#x645; &#x627;&#x644;&#x643;&#x644;&#x627;&#x645; .</subfield>
  </datafield>
  <datafield tag="650" ind1="0" ind2="4">
    <subfield code="a">&#x639;&#x644;&#x645; &#x627;&#x644;&#x639;&#x642;&#x627;&#x626;&#x62F; .</subfield>
  </datafield>
  <datafield tag="650" ind1="0" ind2="4">
    <subfield code="a">&#x639;&#x644;&#x645; &#x627;&#x644;&#x62A;&#x648;&#x62D;&#x64A;&#x62F; &#x648;&#x627;&#x644;&#x641;&#x631;&#x642; &#x627;&#x644;&#x627;&#x633;&#x644;&#x627;&#x645;&#x64A;&#x629; .</subfield>
  </datafield>
  <datafield tag="700" ind1="0" ind2=" ">
    <subfield code="a">&#x62C;&#x644;&#x627;&#x644; &#x627;&#x644;&#x633;&#x639;&#x64A;&#x62F; &#x627;&#x644;&#x62D;&#x641;&#x646;&#x627;&#x648;&#x649;</subfield>
    <subfield code="e">&#x645;&#x62A;&#x631;&#x62C;&#x645; &#x648; &#x645;&#x642;&#x62F;&#x645;</subfield>
  </datafield>
  <datafield tag="700" ind1="0" ind2=" ">
    <subfield code="a">&#x627;&#x644;&#x633;&#x628;&#x627;&#x639;&#x649; &#x645;&#x62D;&#x645;&#x62F; &#x627;&#x644;&#x633;&#x628;&#x627;&#x639;&#x649;</subfield>
    <subfield code="e">&#x645;&#x631;&#x627;&#x62C;&#x639;</subfield>
  </datafield>
  <datafield tag="942" ind1=" " ind2=" ">
    <subfield code="2">ddc</subfield>
    <subfield code="c">BK</subfield>
  </datafield>
  <datafield tag="999" ind1=" " ind2=" ">
    <subfield code="c">62926</subfield>
    <subfield code="d">62926</subfield>
  </datafield>
  <datafield tag="952" ind1=" " ind2=" ">
    <subfield code="0">0</subfield>
    <subfield code="1">0</subfield>
    <subfield code="4">0</subfield>
    <subfield code="7">0</subfield>
    <subfield code="a">CAI</subfield>
    <subfield code="b">CAI</subfield>
    <subfield code="c">MAIN-LIBRARY</subfield>
    <subfield code="d">2016-11-27</subfield>
    <subfield code="l">0</subfield>
    <subfield code="o">214\ &#x647;&#x640; &#x639;</subfield>
    <subfield code="p">162839</subfield>
    <subfield code="r">2016-11-27 00:00:00</subfield>
    <subfield code="w">2016-11-27</subfield>
    <subfield code="y">BK</subfield>
  </datafield>
</record>
